00245 a2200121 4500001000700000020002200007040001100029100002100040240002500061245002000086300000800106362000900114195001 a978-85-16-11464-0 cMagnum aCarrasco, Walcyr10aEstrelas tortaslpor10aEstrelas tortas a1000 a2018